000 00748nam a2200205Ii 4500
003 JO-AjNU
008 230605s9999||||xx |||||||||||||| ||und||
040 _aJO-AjNU
_bara
_erda
_cJO-AjNU
041 _aara
050 1 4 _aBP166.88.S254 2005
100 3 _aجمع وإعداد: المصري، أنس سليمان,
_eauthor
_920328
245 0 0 _aصحيح صفة النار من الكتاب والآثار محلى بأحكام العلامة الألباني رحمه الله
250 _aط1
264 3 1 _aعمان: الدار العثمانية، 2005
300 _a144ص
336 _atext
_btxt
_2rdacontent
337 _aunmediated
_bn
_2rdamedia
338 _avolume
_bnc
_2rdacarrier
650 4 _aيوم القيامة- النار
_920329
999 _aA6870
_c10438
_d10438